000 00821nam a22001817a 4500
003 UA-OsUOA
001 15108
007 ta
008 20031031b un ||||| |||| 00| 0 ukr d
100 _aЯкименко М.
942 _cSA
040 _aUA-OsUOA
_cUA-OsUOA
_dUA-OsUOA
245 _aЕнциклопедія козацької слави: [Про нову кн., монумент. працю з історії нац. пантеону "Козацькі могили" під Берестечком, розповідає один з її авторів, відомий волин. історик-архівіст В. Рожко]
300 _aС.3
955 _a0
773 0 _w0
_tПрапор перемоги
_dРадивилів
_d2003
_g№63/ 12 серп./
650 7 _aКраєзнавча робота
_2UDC
999 _c301273
_d301273